Artes de México : mercados y mercaderes /

Kaydedildi:
Detaylı Bibliyografya
Diğer Yazarlar: Salas Anzures, Miguel (dirección) (dirección)
Materyal Türü: Kitap
Dil:İspanyolca
Konular:
Etiketler: Etiketle
Etiket eklenmemiş, İlk siz ekleyin!

MARC

LEADER 00000nam^a2200000^a^4500
001 000093453
005 20250521000000.0
009 20260310092801.318
037 |a Acervo ITESO - Biblioteca 
041 |a ESP 
082 |a 700. 5  |b ART V. 37a 
240 1 1 |a [Artes de México] 
245 1 0 |a Artes de México :  |b mercados y mercaderes /  |c Dir. de M. Salas Anzures. 
264 |a México :  |b Artes de México,  |c 1961 
300 |a 1 v. (varias paginaciones) 
336 |a texto  |b txt  |2 rdacontenido 
337 |a sin mediación  |b n  |2 rdamedio 
338 |a volumen  |b nc  |2 rdasoporte 
546 |a Edición bilingüe español-inglés 
649 |a XX 
650 |a Arte -  |x Publicaciones Periódicas Mexicanas 
650 |a Mercados -  |z México 
650 |a Comercio -  |z México -  |x Historia 
650 |a Prácticas Culturales -  |z México 
650 |a Antropología Cultural 
650 |a Publicaciones Periódicas Mexicanas 
700 |a Salas Anzures, Miguel  |e (dirección) 
910 |a Fondo Salvador Reynoso Reynoso 
920 |a Impresos - Libros 
930 |a Fondos Especiales 
905 |a 112 
901 |a 0500028209  |b IT2  |c ESP  |u 20250521 
902 |a https://opac.biblio.iteso.mx/vufind/Record/000093453